Helsinki - monivalintavisa - Statistics

Yleistilastot
  • Tätä visaa on pelattu 141 kertaa
  • Keskiarvotulos 6 / 10
Vastaustilastot
Kysymys Vastaus % Oikein
Mikä näistä EI OLE Helsingin naapurikunta? Kauniainen
82%
Kuka sytytti olympiatulen Helsingin kesäolympialaisissa 1952 Paavo Nurmi
80%
Vuonna 1808 Helsinkiä koetteli ______, joka tuhosi kaupungista noin neljäsosan. tulipalo
80%
Mikä kuvista EI OLE Helsingistä?
75%
Kuinka monta metrolinjaa Helsingissä on? 2
69%
Mikä vaihtoehdoista on lähinnä Helsingin väkilukua vuonna 2025? 690 000
48%
Mikä on Katajanokassa sijaitseva "Nokka"? Ravintola
41%
Kuinka monta SM-liigan mestaruutta HIFK on voittanut? 4
38%
Mikä on suurin vieraskielisten ryhmä Helsingissä? venäläiset
33%
Kuka siirrätti Helsingin nykyiselle paikalleen Vantaanjoen suulta vuonna 1640? Pietari Brahe
19%
Ehtoja vastaavia visoja ei löytynyt
Tulosjakauma
Jokaisen tuloksen saaneiden osuus
Persentiili vastausten määrän mukaan
Tuloshistoriasi
Et ole pelannut tätä visaa